Slipknot - Every Slipknot Member Within 5 Minutes - Statistics

General Stats
  • This quiz has been taken 21 times
  • The average score is 11 of 20
Answer Stats
Instruments Member Period % Correct
Leading vocals Corey Todd #8 Taylor 1997-present
94%
Percussion, backing vocals,drums (1992-1995) Michael Shawn #6 "Clown" Crahan 1995(1992)-present
94%
Drums Nathan Jonas #1 "Joey" Jordison 1995-2013
94%
Turntables, keyboards Sidney George #0 Wilson 1998-present
94%
Guitar Mickael Gordon #7 Thomson 1996-present
76%
Bass, backing vocals Paul Dedrick #2 "The Pig" Gray 1995(1992)-2010
76%
Lead guitar (1996), sampling, keyboards (1996-2023) Craig Michael #5 "133" Jones 1996-2023
71%
Percussion, backing vocals Cristopher Michael #3 "Chris" Fehn 1998-2019
71%
Guitar, studio bass (2010-2014) James Donald #4 Root 1999-present
65%
Drums Eloy Casagrande 2024-present
59%
Drums Jay Bradley Weinberg 2014-2023
59%
Percussion, backing vocals, keyboards Michael "Tortilla Man" Pfaff 2022-present
59%
Bass Alessandro Giovanni "Vman" Venturella 2015-present
47%
Leading vocals (1995-1997), percussion (1997) Anders Colsefni (Andrew Richard Rouw) 1995(1992)-1997
47%
Rhythm guitar, backing vocals Josh #4 "Gnar" Brainard 1995-1998
29%
Lead guitar (1995-1996), bass (2011-2014) Donnie Steele 1995-1996 (2011-2014)
18%
Percussion, backing vocals Greg #3 "Cuddles" Welts 1997-1998
18%
Sampling, media keyboards, percussion Jeff Karnowski 2023-present
12%
Rhythm guitar Kun Nong 1995
6%
Guitar Patrick M. Neuwirth 1992-1993
0%
No matching quizzes found
Score Distribution
Percent of People with Each Score
Percentile by Number Answered
Your Score History
You have not taken this quiz